The complete guide to artistic anatomy / (Record no. 117738)
[ view plain ]
| 000 -LEADER | |
|---|---|
| fixed length control field | 00554nam a2200169Ia 4500 |
| 008 - FIXED-LENGTH DATA ELEMENTS--GENERAL INFORMATION | |
| fixed length control field | 140529s9999 xx 000 0 und d |
| 020 ## - INTERNATIONAL STANDARD BOOK NUMBER | |
| International Standard Book Number | 9780486479415 |
| 050 ## - LIBRARY OF CONGRESS CALL NUMBER | |
| Classification number | NC 760 |
| Item number | .Sp7 2010 |
| 100 ## - MAIN ENTRY--PERSONAL NAME | |
| Personal name | Sparkes, John C. L. |
| 245 #4 - TITLE STATEMENT | |
| Title | The complete guide to artistic anatomy / |
| Statement of responsibility, etc | John C.L. Sparkes ; revised, and with additional text and illustrations by William H. Gates |
| 250 ## - EDITION STATEMENT | |
| Edition statement | Dover ed. |
| 260 ## - PUBLICATION, DISTRIBUTION, ETC. (IMPRINT) | |
| Place of publication, distribution, etc | Mineola, N.Y. : |
| Name of publisher, distributor, etc | Dover Publications, |
| Date of publication, distribution, etc | c2010. |
| 300 ## - PHYSICAL DESCRIPTION | |
| Extent | 76 p. : |
| Other physical details | ill. ; |
| Dimensions | 28 cm. |
| 521 ## - TARGET AUDIENCE NOTE | |
| Target audience note | |
| 942 ## - ADDED ENTRY ELEMENTS (KOHA) | |
| Call number prefix | Foreign |
| Koha item type | Books |
| Withdrawn status | Lost status | Source of classification or shelving scheme | Damaged status | Home library | Current library | Shelving location | Date acquired | Source of acquisition | Cost, normal purchase price | Total Checkouts | Total Renewals | Full call number | Barcode | Date last seen | Date checked out | Price effective from | Koha item type |
|---|---|---|---|---|---|---|---|---|---|---|---|---|---|---|---|---|---|
| Library of Congress Classification | College Library | College Library | General Circulation Section | 05/30/2014 | Donation | 12.95 | 2 | 18 | NC 760 .Sp7 2010 | C16886 | 10/24/2018 | 09/24/2018 | 05/30/2014 | Books |